Elhunyt Kovács István
Elmentve itt :
| Dokumentumtípus: | Cikk |
|---|---|
| Megjelent: |
1975-12-29
|
| Sorozat: | Délmagyarország
65 No. 303 |
| Kulcsszavak: | Kovács István |
| Online Access: | http://dmarchiv.bibl.u-szeged.hu/96265 |
| LEADER | 00394nab a2200145 i 4500 | ||
|---|---|---|---|
| 001 | delm96265 | ||
| 005 | 20190418115057.0 | ||
| 008 | 190418s1975 hu o 0|| hun d | ||
| 040 | |a SZTE Délmagyarország Archívum |b hun | ||
| 041 | |a hun | ||
| 245 | 0 | 0 | |a Elhunyt Kovács István |h [elektronikus dokumentum] |
| 260 | |c 1975-12-29 | ||
| 300 | |a 5 | ||
| 490 | 0 | |a Délmagyarország |v 65 No. 303 | |
| 695 | |a Kovács István | ||